000 00330nam a2200109Ia 4500
008 200302s9999 xx 000 0 und d
100 _aChristian Schittich Ed.
245 _aAnnual Selected Edition from Detail Review of Architecture Architectural Details 2003
260 _bArchitectural Press Inc,
260 _c2004
300 _a175
999 _c3742
_d3742